000
00307nam a22001217a 4500
008
230626b xxu||||| |||| 00| 0 eng d
082
_a
331.7
_b
CON
100
_c
Robert Conquest
245
_a
Industrial Workers in the USSR
260
_a
London
_b
The Bodley Head Ltd
_c
1967
300
_a
203p
942
_2
ddc
_c
BK
999
_c
2723
_d
2723